00552nam a2200205Ia 450000500170000000800410001702000250005804000190008304100120010208200130011410000180012724500650014525000170021026000410022730000100026850400190027865000200029770000190031785000100033620240402094535.0131103s9999 xx 000 0 und d a195620534cRs 120.00 aLoreto College aEnglish a425bTHO aThomson, A.J. 2aA Practical English Grammar cA.J. Thomson and A.V. Martinet a4th rev. ed. aDelhibOxford University Pressc1986 a383p  aIncludes index aEnglish grammar aMartinet, A.V. aLCBED